000 00675cam a22001934a 4500
005 20250605164121.0
008 250528s ||||||||||||||||||||||||d
035 _a18268
020 _a761965939
040 _aGR-AtMCL
_bgre
_dGR-AtMCL
_eAACR2
245 1 _aIntroduction to Research Methods
260 _bSage Publications,
_c2000
300 _a614
520 _aThis book provides a basic understanding of the main techniques and concepts of Quantitative and Qualitative Research. General Orientation, Quantitative Methods, Qualitative Methods, Survey Methods, Appendix, Index.
700 1 _aBurns Robert B
_94546
942 _cBK
999 _c3637
_d3637